| 000 | 00822nam a2200205 i 4500 | ||
|---|---|---|---|
| 001 | 50637 | ||
| 003 | ES-MaACL | ||
| 005 | 20230906162219.0 | ||
| 007 | t| | ||
| 008 | 030805s1912 xxk ||||1| eng d | ||
| 100 | 1 |
_aChaffers, William. _937783 |
|
| 245 | 1 | 0 |
_aMarks and Monograms on European and Oriental Pottery and Porcelain with historical notices of each manufactory oven 5000 potters'marks and illustrations / _cby William Chaffers ; "The New Chaffers," edited by Frederick Litchfield ; assested by R. L. Hobson and Justus Brinckmann. |
| 260 |
_aLondon : _b[s.n.], _c1912 ( _fBallantyne CÂș) |
||
| 300 |
_aXXIII, 1079 p. ; _c27 cm. |
||
| 700 | 1 |
_aLitchfield, Frederick. _972567 |
|
| 700 | 1 |
_aHobson, R.L. _963865 |
|
| 700 | 1 |
_aBrinkmann, Justus. _931760 |
|
| 740 | 4 | _aThe new Chaffers. | |
| 852 |
_aES-MaACL _jG-926 |
||
| 999 |
_c50637 _d50637 |
||